000 00732nam a2200289Ia 4500
005 20260324122445.0
008 008 260324s9999 xx 000 0 eng d
020 _a9780203512913
037 _aEBOOK
040 _aCRL
040 _beng
040 _cCRL
041 _2eng
041 _aeng
084 _qCRL
100 _aClive Upton; Bethan Davies
_91166520
245 0 _aAnalysing 21st Century British English
245 0 _bConceptual and Methodological Aspects of the 'Voices' Project
260 _bTaylor and Francis
260 _c2013
365 _a
365 _b300
856 _uhttp://www.taylorfrancis.com/books/9780203512913
942 _cEBOOK
999 _c1759283
_d1759283